| 000 | 01631nam0a2200373 4500 | ||
|---|---|---|---|
| 001 | RU\NLR\bibl\232392 | ||
| 005 | 20260405065950.0 | ||
| 010 |
_a5-94551-003-3 _9500 |
||
| 021 |
_aRU _b2001-53175 _92573 |
||
| 035 | _a(NLR Aleph) 000228336 | ||
| 090 |
_a1328496 _c1328496 |
||
| 100 | _a20020204d2001 |||y0rusy50 ca | ||
| 101 | 0 | _arus | |
| 102 | _aRU | ||
| 105 | _ay ||||||||| | ||
| 200 | 1 |
_aЛитература Ямала XX века _eСб. лит.-критич. ст. _eУчеб. пособие для учителей лит. ст. кл. _fПопов Ю. И., Цымбалистенко Н. В. _gЯмало-Ненец. окр. ин-т усовершенствования учителей |
|
| 210 |
_aСалехард _cЯНОИУУ _d2001 |
||
| 215 |
_a114 с. _d21 |
||
| 320 | _aБиблиогр.: с. 113 (33 назв.) | ||
| 606 | 0 |
_aЛитература народов Ямала _jРуководства, пособия и т.п. _92240176 _3RU\NLR\auth\661344258 |
|
| 606 | 0 |
_aЛитература народов Ямала _jУчебные издания _92240176 _3RU\NLR\auth\661344258 |
|
| 675 |
_a821.511.132.09 _v3 _zrus |
||
| 686 |
_a17 _2rugasnti |
||
| 686 |
_a83.3(2Рос=Коми) _2rubbk |
||
| 686 | _aШ5(251)я7 | ||
| 700 | 1 |
_4070 _7ca _8rus _aПопов _bЮ. И. _cфилолог _gЮрий Игоревич _96653 _3RU\NLR\auth\7723600 |
|
| 701 | 1 |
_aЦымбалистенко _bН. В. _gНаталья Васильевна _4070 |
|
| 801 | 0 |
_aRU _bRKP _c20020204 _gPSBO |
|
| 801 | 1 |
_aRU _bRKP _c20020204 |
|
| 801 | 2 |
_aRU _bNLR _c20050812 _grcr |
|
| 942 | _cBOOK | ||
| 980 | _aNB | ||
| 980 | _aNBR | ||